<?xml version="1.0" encoding="UTF-8"?>
<record
    xmlns:xsi="http://www.w3.org/2001/XMLSchema-instance"
    xsi:schemaLocation="http://www.loc.gov/MARC21/slim http://www.loc.gov/standards/marcxml/schema/MARC21slim.xsd"
    xmlns="http://www.loc.gov/MARC21/slim">

  <leader>00643nam a22001217a 4500</leader>
  <datafield tag="040" ind1=" " ind2=" ">
    <subfield code="c">RUA</subfield>
  </datafield>
  <datafield tag="082" ind1=" " ind2=" ">
    <subfield code="a">LMA HEA 2024 B701 Or.1</subfield>
  </datafield>
  <datafield tag="100" ind1=" " ind2=" ">
    <subfield code="a">HEANG LYHOUR, &#x17A0;&#x17CA;&#x17B6;&#x1784; &#x179B;&#x17B8;&#x17A0;&#x17BD;&#x179A;</subfield>
  </datafield>
  <datafield tag="245" ind1=" " ind2=" ">
    <subfield code="a">Study On Processing Of Land Titling Transactions In Sangkat Nirouth, Khan Chbar Ampov, Phnom Penh, &#x179F;&#x17B7;&#x1780;&#x17D2;&#x179F;&#x17B6;&#x1796;&#x17B8;&#x178A;&#x17C6;&#x178E;&#x17BE;&#x179A;&#x1780;&#x17B6;&#x179A;&#x1795;&#x17D2;&#x1791;&#x17C1;&#x179A;&#x1794;&#x17D0;&#x178E;&#x17D2;&#x178E;&#x1780;&#x1798;&#x17D2;&#x1798;&#x179F;&#x17B7;&#x1791;&#x17D2;&#x1792;&#x179B;&#x17BE;&#x17A2;&#x1785;&#x179B;&#x1793;&#x179C;&#x178F;&#x17D2;&#x1790;&#x17BB; &#x1793;&#x17C5;&#x179F;&#x1784;&#x17D2;&#x1780;&#x17B6;&#x178F;&#x17CB;&#x1793;&#x17B7;&#x179A;&#x17C4;&#x1792; &#x1781;&#x178E;&#x17D2;&#x178C;&#x1785;&#x17D2;&#x1794;&#x17B6;&#x179A;&#x17A2;&#x17C6;&#x1796;&#x17C5; &#x179A;&#x17B6;&#x1787;&#x1792;&#x17B6;&#x1793;&#x17B8;&#x1797;&#x17D2;&#x1793;&#x17C6;&#x1796;&#x17C1;&#x1789;</subfield>
  </datafield>
  <datafield tag="260" ind1=" " ind2=" ">
    <subfield code="a">PHNOM PENH</subfield>
    <subfield code="b">RUA</subfield>
    <subfield code="c">2024</subfield>
  </datafield>
  <datafield tag="300" ind1=" " ind2=" ">
    <subfield code="a">x,</subfield>
    <subfield code="b">ill,</subfield>
    <subfield code="c">29cm,</subfield>
  </datafield>
  <datafield tag="942" ind1=" " ind2=" ">
    <subfield code="c">LMA</subfield>
  </datafield>
  <datafield tag="999" ind1=" " ind2=" ">
    <subfield code="c">25334</subfield>
    <subfield code="d">25334</subfield>
  </datafield>
  <datafield tag="952" ind1=" " ind2=" ">
    <subfield code="0">0</subfield>
    <subfield code="1">0</subfield>
    <subfield code="4">0</subfield>
    <subfield code="6">LMA_HEA_2024_000000000000000_B701_OR_1</subfield>
    <subfield code="7">0</subfield>
    <subfield code="9">105525</subfield>
    <subfield code="a">LBB</subfield>
    <subfield code="b">LBB</subfield>
    <subfield code="c">B701</subfield>
    <subfield code="d">2025-06-23</subfield>
    <subfield code="l">1</subfield>
    <subfield code="o">LMA HEA 2024 B701 Or.1</subfield>
    <subfield code="p">A084322</subfield>
    <subfield code="r">2026-02-28</subfield>
    <subfield code="s">2026-01-31</subfield>
    <subfield code="y">LMA</subfield>
  </datafield>
  <datafield tag="952" ind1=" " ind2=" ">
    <subfield code="0">0</subfield>
    <subfield code="1">0</subfield>
    <subfield code="4">0</subfield>
    <subfield code="6">LMA_HEA_2024_000000000000000_B701_OR_2</subfield>
    <subfield code="7">0</subfield>
    <subfield code="9">105526</subfield>
    <subfield code="a">LBB</subfield>
    <subfield code="b">LBB</subfield>
    <subfield code="c">B701</subfield>
    <subfield code="d">2025-06-23</subfield>
    <subfield code="l">1</subfield>
    <subfield code="o">LMA HEA 2024 B701 Or.2</subfield>
    <subfield code="p">A084332</subfield>
    <subfield code="r">2026-01-31</subfield>
    <subfield code="s">2025-12-22</subfield>
    <subfield code="y">LMA</subfield>
  </datafield>
</record>
